| 000 | 02336nam0a2200373 4500 | ||
|---|---|---|---|
| 001 | RU\NLR\BIBL_A\011380123 | ||
| 005 | 20260517063432.0 | ||
| 010 |
_a9785799618353 _9300 |
||
| 021 |
_aRU _b2017-23878 _91765 |
||
| 035 | _a(RuMoRGB)008843134 | ||
| 035 | _a(NLR Aleph) 011380123 | ||
| 090 |
_a11396570 _c11396570 |
||
| 100 | _a20170502d2016 k y0rusy50 ca | ||
| 101 | 0 | _arus | |
| 102 | _aRU | ||
| 105 | _aa j 000zy | ||
| 200 | 1 |
_aЭкономическая эффективность технических решений _eучебное пособие _eдля студентов, обучающихся по программе бакалавриата по техническим направлениям подготовки _fМинистерство образования и науки Российской Федерации, Уральский федеральный университет имени первого Президента России Б. Н. Ельцина, [Механико-машиностроительный институт _gС. Г. Баранчикова и др.] _gпод общей редакцией профессора И. В. Ершовой |
|
| 210 |
_aЕкатеринбург _cИзд-во Уральского университета _d2016 |
||
| 215 |
_a138 с. _cил. _d24 |
||
| 320 | _aБиблиогр.: с. 136-137 | ||
| 606 | 1 |
_aПромышленные предприятия _jУчебные издания для высших учебных заведений _xКапитальные вложения _xЭффективность _91509351 _3RU\NLR\AUTH\66957005 |
|
| 686 |
_aУ9(2)305.851.1-82-551.1я73-1 _2rubbk |
||
| 686 |
_aУ9(2)305.851.1-862я73-1 _2rubbk |
||
| 686 |
_aУ9(2)305.851.1-56-07я73-1 _2rubbk |
||
| 686 | 1 | _aУ30(2)-56-07я73 | |
| 686 | 1 | _aУ30(2)-55-07я73 | |
| 702 | 1 |
_aБаранчикова _bС. Г. _gСветлана Григорьевна _4220 |
|
| 702 | 1 |
_aЕршова _bИ. В. _gИрина Вадимовна _4340 |
|
| 712 | 0 | 2 |
_4570 _aУральский федеральный университет им. первого Президента России Б. Н. Ельцина _cЕкатеринбург _9832088 _3RU\NLR\AUTH\8810168127 |
| 942 | _cBOOK | ||
| 980 | _aNBR | ||